Statistiques concernant Les pays qui n'ont jamais gagné le Concours Eurovision de la chanson

Cliquez ici pour prendre le quiz!

Statistiques générales

  • Ce quiz a été pris 636 fois
    (558 depuis la dernière actualisation)
  • Le résultat moyen est 18 sur 25

Statistiques - réponses

Pays d l'Eurovision% Correct
Albanie
85%
Lituanie
83%
Biélorussie
80%
Malte
80%
Andorre
79%
Chypre
79%
Slovaquie
78%
Slovenie
78%
Bulgarie
77%
Islande
77%
Roumanie
77%
Moldavie
76%
Hongrie
75%
Monténégro
75%
Croatie
74%
Macédoine
74%
Pologne
73%
Saint-Marin
73%
Arménie
72%
Bosnie Herzégovine
72%
Republiqué Tchèque
72%
Australie
70%
Géorgie
64%
Maroc
57%
Serbie-et-Monténégro
22%

Distribution des résultats

Percentile par nombre de réponses

% des personnes avec chaque résultat

Votre développement - résultats

Vous n’avez pas pris ce quiz depuis la dernière actualisation